| 000 | 00457nam a2200169Ia 4500 | ||
|---|---|---|---|
| 003 | GCL | ||
| 008 | 140319s9999 xx 000 0 eng d | ||
| 040 |
_aGCL / _cGCL |
||
| 082 | 0 | 4 |
_a338.5 _bV I |
| 100 | 1 | _aVARIAN, HALK | |
| 245 | 1 | 0 |
_aINTERMEDIATE MICROECOMOMICS: A MODERN APPROACH 3 ER ED / _cVARIAN, HALK |
| 260 |
_a[S.N] : _bW.W.NORTON AND COMPANY ، _c1993 |
||
| 300 | _a659 | ||
| 650 | 0 | 4 | _aMICRO ECONOMICS |
| 650 | 0 | 4 | _aECONOMICS |
| 942 |
_2ddc _cBK |
||
| 999 |
_c13787 _d13787 |
||